| 000 | 00581nam a22001817a 4500 | ||
|---|---|---|---|
| 005 | 20251108173536.0 | ||
| 008 | 250721s2000 xx 000 0 ara d | ||
| 082 | 1 | 4 | _a649.1/ سبي |
| 100 | 1 | _aالسبيعي، عدنان | |
| 245 | 1 | 0 | _aالنمو و مراحلة : الوراثة و البيئية / |
| 264 | 1 |
_aدمشق : _bدار الفارابي، _c2000. |
|
| 300 | _a78ص. | ||
| 490 | 0 |
_aفي ضوء الصحة النفسية : نمو الأطفال _v1 |
|
| 650 | 1 | 7 | _aتنشئة الأطفال |
| 650 | 1 | 7 | _aنمو الطفل |
| 942 |
_2ddc _cBK |
||
| 999 |
_c106402 _d106402 |
||